| 000 | 00469nam a22001817a 4500 | ||
|---|---|---|---|
| 003 | LC | ||
| 005 | 20160316143731.0 | ||
| 008 | 121114t xxu||||| |||| 00| 0 eng d | ||
| 020 | _a9780006930280 | ||
| 050 |
_aPZ 1 _b.Ak315 1988 |
||
| 082 |
_aFIC _bAk7s 1988 |
||
| 100 | _aAkrill, Caroline | ||
| 245 |
_aStars don't cry / _cCaroline Akrill |
||
| 260 |
_aLondon : _bCollins Publishing Corp., _c1988. |
||
| 300 |
_g18 cm. _a109 p. : |
||
| 942 |
_2lcc _cBK |
||
| 999 |
_c1169 _d1169 |
||